[Event "Schleswig Holstein-ch Seniors"]
[Site "Germany"]
[Date "2009.??.??"]
[Round "4"]
[White "Schierling, Eckhard"]
[Black "Stoffers, Uwe"]
[Result "1/2-1/2"]
[WhiteElo "1770"]
[BlackElo "1845"]
[PlyCount "58"]
[EventDate "2009.??.??"]
[EventType "swiss"]
[EventRounds "7"]
[EventCountry "GER"]
[SourceTitle "EXT 2011"]
[Source "ChessBase"]
[SourceDate "2010.11.26"]
[SourceVersion "1"]
[SourceVersionDate "2010.11.26"]
[SourceQuality "1"]

1. e4 e6 2. d4 d5 3. e5 b6 4. Bd3 c5 5. c3 Nc6 6. f4 Bd7 7. Nf3 cxd4 8. cxd4 Nb4 9. 0-0 a6 10. Nc3 Rc8 11. Be2 b5 12. a3 Nc6 13. Bd2 Qb6 14. Be1 Nge7 15. Rc1 Nf5 16. Bf2 Be7 17. g3 0-0 18. Bd3 Nh6 19. Kg2 Na5 20. Qe2 Nc4 21. Rc2 a5 22. Rfc1 b4 23. axb4 axb4 24. Bxc4 bxc3 25. Bd3 cxb2 26. Rxb2 Qa5 27. Rxc8 Rxc8 28. Rc2 Qa8 29. Rxc8+ Qxc8 1/2-1/2

[Event "Schleswig Holstein-ch Seniors"]
[Site "Germany"]
[Date "2009.??.??"]
[Round "3"]
[White "Walther, Gerd"]
[Black "Stoffers, Uwe"]
[Result "1/2-1/2"]
[WhiteElo "1855"]
[BlackElo "1845"]
[PlyCount "37"]
[EventDate "2009.??.??"]
[EventType "swiss"]
[EventRounds "7"]
[EventCountry "GER"]
[SourceTitle "EXT 2011"]
[Source "ChessBase"]
[SourceDate "2010.11.26"]
[SourceVersion "1"]
[SourceVersionDate "2010.11.26"]
[SourceQuality "1"]

1. d4 Nf6 2. Nf3 d6 3. Bg5 Nbd7 4. e3 e5 5. dxe5 dxe5 6. Bc4 Be7 7. Nc3 0-0 8. e4 c6 9. 0-0 Qc7 10. Qe2 Bb4 11. Nd1 b5 12. Bd3 Ne8 13. a3 Bd6 14. c4 a6 15. Rc1 b4 16. a4 Nc5 17. Be3 Bg4 18. Bxc5 Bxc5 19. Ne3 1/2-1/2

[Event "Niedersachsen-ch Seniors 42th"]
[Site "Sottrum"]
[Date "2008.04.18"]
[Round "9"]
[White "Stoffers, Uwe"]
[Black "Boehm, Karl1111"]
[Result "1-0"]
[WhiteElo "1557"]
[BlackElo "1629"]
[PlyCount "43"]
[EventDate "2008.04.10"]
[EventType "swiss"]
[EventRounds "9"]
[EventCountry "GER"]
[SourceTitle "EXT 2022"]
[Source "ChessBase"]
[SourceDate "2021.10.06"]
[SourceVersion "1"]
[SourceVersionDate "2021.10.06"]
[SourceQuality "1"]

1. e4 c5 2. Nf3 d6 3. d4 cxd4 4. Qxd4 Nc6 5. Bb5 Bd7 6. Bxc6 Bxc6 7. Nc3 e6 8. Bg5 f6 9. Be3 Ne7 10. 0-0-0 Ng6 11. Qd2 Qc7 12. Nd4 Kf7 13. f4 Be7 14. h4 h5 15. f5 exf5 16. Nxf5 Rhd8 17. Nd5 Qd7 18. g4 Bxd5 19. Qxd5+ Kf8 20. gxh5 Ne5 21. Rhg1 Re8 22. Rxg7 1-0

[Event "Niedersachsen-ch Seniors 42th"]
[Site "Sottrum"]
[Date "2008.04.10"]
[Round "1"]
[White "Juergens, Peter1111"]
[Black "Stoffers, Uwe"]
[Result "1-0"]
[WhiteElo "1858"]
[BlackElo "1557"]
[PlyCount "99"]
[EventDate "2008.04.10"]
[EventType "swiss"]
[EventRounds "9"]
[EventCountry "GER"]
[SourceTitle "EXT 2022"]
[Source "ChessBase"]
[SourceDate "2021.10.06"]
[SourceVersion "1"]
[SourceVersionDate "2021.10.06"]
[SourceQuality "1"]

1. d4 Nf6 2. Bf4 d6 3. e3 Nbd7 4. Nf3 Nb6 5. h3 Bf5 6. c4 e6 7. Nc3 a6 8. Be2 Be7 9. 0-0 0-0 10. Qb3 Ne4 11. Nxe4 Bxe4 12. Nd2 Bc6 13. Bf3 e5 14. Bg3 exd4 15. exd4 Bf6 16. Bxc6 bxc6 17. Nf3 Re8 18. Qc2 Nd7 19. Rad1 c5 20. b3 Rb8 21. d5 Ne5 22. Nh2 Bh4 23. Bxe5 Rxe5 24. Nf3 Re8 25. Rfe1 Bf6 26. Rxe8+ Qxe8 27. Re1 Qd7 28. Qe4 g6 29. Re2 Kf8 30. Qf4 Bg7 31. Ng5 Kg8 32. Qe4 Bf6 33. Nf3 Kf8 34. Qf4 Kg7 35. Qe4 Kf8 36. Qf4 Kg7 37. Re4 Re8 38. Kf1 Qd8 39. Qe3 Re7 40. g4 Qd7 41. Kg2 Rxe4 42. Qxe4 Kf8 43. Nd2 Bc3 44. Nb1 Bb2 45. f4 Bc1 46. Kg3 Kg7 47. Nc3 f5 48. Qe2 Kf7 49. Qd1 Qe7 50. Qxc1 1-0